1487 1265 1315 1252 1436 1377 1219 1740 1829 1619 1734 1994 1024 1431 1651 1953 1801 1929 1351 1875 1888 1415 1699 1576 1364 1719 1442 1009 1404 1221 1629 1192 1391 1546 1301 1529 1672 1296 1097 1900 1066 1560 1330 1976 1009 1789 1370 1068 1102 1503 1035 1594 1976 1078 1762 1536 1596 1337 1665 1661 1510 1313 1431 1642 1997 1939 1177 1739 1421 1226 1796 1011 1857 1317 1663 1196 1427 1053 1891 1392 1840 1919 1863 1169 1476 1467 1157 1662 1829 1536 1957 1665 1241 1242 1413 1019 1966 1269 1597 BCNSPRNW ULIB Ver.6.0+V

เปลี่ยนเป็นภาษาไทย

Change to English
 แสดงรายละเอียดบรรณานุกรม
  กลับหน้าหลัก

Brief Record : Get Marc (ISO 2709) : E-mail record : QR code < ปิดหน้าต่าง
LEADER : 00000nam 2200000uu 4500
001    13399128791
003     ULIB
008    240913s2565||||th 000 0 tha d
020 ^^ a9786165906906
060 ^^ aWE725^bว547ก
100 ^^ aวิชาญ ยิ่งศักดิ์มงคล
245 ^^ aการผ่าตัดกระดูกสันหลังชนิดแผลเล็กบาดเจ็บน้อย^bนวัตกรรมการผ่าตัดขั้นสูงและการดูแลผู้ป่วย/^cวิชาญ ยิ่งศักดิ์มงคล
245 ^M ^ainimally invasive spine surgery
260 ^^ aกรุงเทพฯ : ^bโอ.เอส.พริ้นติงเฮ้าส์, ^c2565
300 ^^ a236 หน้า : ^bภาพประกอบสี
650 ^^ aการผ่าตัด
650 ^^ aกระดูกสันหลัง
945    ^p900^l0^i010803
945    ^p900^l0^i010804
945    ^p900^l0^i010805
945    ^p900^l0^i010806
945    ^p900^l0^i010807
999    ^aประนอม เกษจรัล
รายการนี้ยังไม่มีแท็ก
คุณยังไม่ได้ล็อกอิน คุณสามารถมีกิจกรรมร่วมกับเว็บไซต์ได้ แต่ต้องล็อกอินก่อน ::
  ล็อกอิน

รายการสื่อสารสนเทศ

ลำดับที่ ประเภท เลขเรียก/บาร์โค้ด สถานที่ สถานะ
1. วิทยาศาสตร์การแพทย์ และสุขภาพ
หนังสือสำรอง
สถานะ=หนังสือสำรอง
aWE725 ว547ก ฉ.1 
  Barcode: 010803
ห้องสมุดวิทยาเขตสวรรค์ประชารักษ์
►หนังสือทั่วไป
บนชั้น
2. วิทยาศาสตร์การแพทย์ และสุขภาพ
วิทยาศาสตร์การแพทย์ และสุขภาพ
aWE725 ว547ก ฉ.2 
  Barcode: 010804
ห้องสมุดวิทยาเขตสวรรค์ประชารักษ์
►หนังสือทั่วไป
บนชั้น
3. วิทยาศาสตร์การแพทย์ และสุขภาพ
วิทยาศาสตร์การแพทย์ และสุขภาพ
aWE725 ว547ก ฉ.3 
  Barcode: 010805
ห้องสมุดวิทยาเขตสวรรค์ประชารักษ์
►หนังสือทั่วไป
บนชั้น
4. วิทยาศาสตร์การแพทย์ และสุขภาพ
วิทยาศาสตร์การแพทย์ และสุขภาพ
aWE725 ว547ก ฉ.4 
  Barcode: 010806
ห้องสมุดวิทยาเขตสวรรค์ประชารักษ์
►หนังสือทั่วไป
บนชั้น
5. วิทยาศาสตร์การแพทย์ และสุขภาพ
วิทยาศาสตร์การแพทย์ และสุขภาพ
aWE725 ว547ก ฉ.5 
  Barcode: 010807
ห้องสมุดวิทยาเขตสวรรค์ประชารักษ์
►หนังสือทั่วไป
บนชั้น

BibComment


ยังไม่เคยถูกคอมเมนท์

คอมเมนท์ทรัพยากรรายการนี้
  คอมเมนท์: aการผ่าตัดกระดูกส..


 Copyright 2026. Bcnsprnw @Library